000 00738nam a2200181Ia 4500
008 090124s9999 xx 000 0 und d
082 _b132343
100 _aचैतन्य दीपक
245 _a अत्तराच्या कुपीतील दरवळ ( व्यक्तीचित्रं )
250 _a1
260 _c2004
300 _a100
600 _aचैतन्य दीपक
630 _a अत्तराच्या कुपीतील दरवळ ( व्यक्तीचित्रं )
700 _aचैतन्य दीपक
730 _a अत्तराच्या कुपीतील दरवळ ( व्यक्तीचित्रं )
942 _cBOOK
999 _c178432
_d178432